5HLuxD.jpg

KING HENRY VIII SENIOR AND PRIMARY SCHOOL LIBRARY OPAC

The Holocaust / (Record no. 2707)

000 -LEADER
fixed length control field 00975cam a22002774a 4500
001 - CONTROL NUMBER
control field 11916629
003 - CONTROL NUMBER IDENTIFIER
control field OSt
005 - DATE AND TIME OF LATEST TRANSACTION
control field 20230811115129.0
008 - FIXED-LENGTH DATA ELEMENTS--GENERAL INFORMATION
fixed length control field 000218s1999 enka 001 0 eng
010 ## - LIBRARY OF CONGRESS CONTROL NUMBER
LC control number 00508070
020 ## - INTERNATIONAL STANDARD BOOK NUMBER
International Standard Book Number 9780521595018 (pbk.)
040 ## - CATALOGING SOURCE
Original cataloging agency DLC
Transcribing agency DLC
Modifying agency DLC
-- KH8
042 ## - AUTHENTICATION CODE
Authentication code pcc
082 00 - DEWEY DECIMAL CLASSIFICATION NUMBER
Classification number 940.53 NEV
100 1# - MAIN ENTRY--PERSONAL NAME
Personal name Neville, Peter,
Dates associated with a name 1944-
Relator term author.
245 14 - TITLE STATEMENT
Title The Holocaust /
Statement of responsibility, etc. Peter Neville.
260 ## - PUBLICATION, DISTRIBUTION, ETC.
Place of publication, distribution, etc. Cambridge :
Name of publisher, distributor, etc. Cambridge University Press, c1999.
300 ## - PHYSICAL DESCRIPTION
Extent vii, 103 pages :
Other physical details ill. ;
Dimensions 5.99 x 0.26 x 9.02 inches.
440 #0 - SERIES STATEMENT/ADDED ENTRY--TITLE
Title Cambridge perspectives in history
500 ## - GENERAL NOTE
General note Includes index.
650 #0 - SUBJECT ADDED ENTRY--TOPICAL TERM
Topical term or geographic name entry element Holocaust, Jewish (1939-1945)
906 ## - LOCAL DATA ELEMENT F, LDF (RLIN)
a 7
b cbc
c orignew
d 2
e ncip
f 20
g y-gencatlg
942 ## - ADDED ENTRY ELEMENTS (KOHA)
Source of classification or shelving scheme
Koha item type Teaching Resources
Holdings
Withdrawn status Lost status Source of classification or shelving scheme Damaged status Not for loan Collection code Permanent Location Current Location Shelving location Date acquired Full call number Barcode Date last seen Price effective from Koha item type
          Teaching Resources KH8 Senior School Library KH8 Senior School Library Staff Office 2023-08-11 940.53 NEV TRKHSL001968 2023-08-11 2023-08-11 Teaching Resources

Powered By KH8 IT Dept